000 00699nam a22001937a 4500
003 BUBTL
008 180111b xxu||||| |||| 00| 0 eng d
020 _a978-8309-157-6
082 _a954.92051/RAB
100 _92156
_aরহমান, মিঞা লুৎফার
245 _aবাংলার স্বাধীনতা ও বঙ্গবন্ধু :
_c মিঞা লুৎফার রহমান
250 _a1st ed
260 _aঢাকা :
_bবিশ্ব সাহিত্য ভবন,
_cc২০০৬
300 _a144 p. :
_c21 cm.
650 0 _91743
_a Liberation -- Bangladesh
856 _k0
_l0
_yDownload
942 _2ddc
_cBK
999 _c5645
_d5645